000 00717nam a2200217 a 4500
001 000005572
005 20200929151721.0
008 090820s1985 sp 000 0 spa d
020 _a8400060121
040 _aDO-SdBNP
082 _axxxx
_bR112e
100 1 _aRabade Romeo, Sergio
_915751
245 1 0 _aExperiencia, cuerpo y conocimiento /
_cSergio Rabade Romeo.
260 _aMadrid, :
_bCSIC,
_c1985.
300 _a310 p. ;
_c21 cm.
504 _aIncluye referencias bibliográficas y notas al pie de las páginas
504 _aIncluye bibliografías (p. 299-304)
650 4 _aEstudios, ensayos, conferencias, etc.
_915752
710 1 _aConsejo Superior de Investigaciones Científicas
_94786
049 _aBNPD
999 _c5371
_d5371